000
00330nam a2200145Ia 4500
008
100122s9999 xx 000 0 und d
082
_b
41471
_a
823
100
_a
DU MAURIES D
245
_a
MARY ANNE
260
_b
DELL PUBLISHING CO LTD
_c
1987
300
_a
383
630
_a
MARY ANNE
730
_a
MARY ANNE
942
_c
BOOK
999
_c
372564
_d
372561